Match the Country, Flag and Capital - Statistics

General Stats
  • This quiz has been taken 110 times
  • The average score is 41 of 54
Answer Stats
Question Tile Select % Correct
Australia, New Zealand or Fiji? Yes
96%
Australia, New Zealand or Fiji? No
94%
Australia, New Zealand or Fiji? No
91%
Australia, New Zealand or Fiji? Fiji No
90%
Australia, New Zealand or Fiji? New Zealand Yes
85%
Australia, New Zealand or Fiji? Auckland No
84%
Slovakia, Slovenia or Croatia? Belgrade No
83%
USA, Malaysia or Liberia? New York City No
83%
Yemen, Egypt or Iran? No
82%
Norway, Finland or Sweden? Reykjavik No
80%
Slovakia, Slovenia or Croatia? No
79%
Colombia, Ecuador or Bolivia? No
79%
Australia, New Zealand or Fiji? Australia No
79%
Australia, New Zealand or Fiji? Canberra No
79%
Yemen, Egypt or Iran? Egypt No
79%
Yemen, Egypt or Iran? Muscat No
79%
Colombia, Ecuador or Bolivia? Paramaribo No
79%
Colombia, Ecuador or Bolivia? Sucre No
79%
USA, Malaysia or Liberia? No
78%
Colombia, Ecuador or Bolivia? Bolivia No
78%
USA, Malaysia or Liberia? Manila No
78%
USA, Malaysia or Liberia? USA No
78%
Colombia, Ecuador or Bolivia? Ecuador Yes
77%
Norway, Finland or Sweden? Sweden No
77%
Colombia, Ecuador or Bolivia? Colombia No
76%
Norway, Finland or Sweden? Stockholm No
76%
Slovakia, Slovenia or Croatia? No
74%
Colombia, Ecuador or Bolivia? No
74%
Norway, Finland or Sweden? No
74%
Slovakia, Slovenia or Croatia? Croatia No
73%
Yemen, Egypt or Iran? Iran No
73%
Yemen, Egypt or Iran? Yemen Yes
73%
USA, Malaysia or Liberia? No
72%
Yemen, Egypt or Iran? No
72%
Colombia, Ecuador or Bolivia? Yes
72%
USA, Malaysia or Liberia? Liberia Yes
72%
USA, Malaysia or Liberia? Monrovia Yes
72%
Colombia, Ecuador or Bolivia? Quito Yes
72%
Australia, New Zealand or Fiji? Wellington Yes
72%
USA, Malaysia or Liberia? Yes
71%
Slovakia, Slovenia or Croatia? Yes
71%
USA, Malaysia or Liberia? Malaysia No
71%
Norway, Finland or Sweden? Norway Yes
71%
Norway, Finland or Sweden? Oslo Yes
71%
Norway, Finland or Sweden? Finland No
70%
Yemen, Egypt or Iran? Tehran No
70%
Yemen, Egypt or Iran? Yes
68%
Norway, Finland or Sweden? No
68%
Slovakia, Slovenia or Croatia? Slovenia No
68%
Slovakia, Slovenia or Croatia? Ljubljana No
67%
Norway, Finland or Sweden? Yes
63%
Slovakia, Slovenia or Croatia? Slovakia Yes
63%
Slovakia, Slovenia or Croatia? Bratislava Yes
61%
Yemen, Egypt or Iran? Sanaa Yes
59%
No matching quizzes found
Score Distribution
Percent of People with Each Score
Percentile by Number Answered
Your Score History
You have not taken this quiz